LIBRARY & INFORMATION CENTRE, KCAET, TAVANUR

ONLINE PUBLIC ACCESS CATALOGUE (OPAC)

End of empire / (Record no. 6158)

MARC details
000 -LEADER
fixed length control field 00412cam a2200169ua 4500
041 ## - LANGUAGE CODE
Language code of text/sound track or separate title eng
082 ## - DEWEY DECIMAL CLASSIFICATION NUMBER
Classification number 941
Item number STA/EN
100 ## - MAIN ENTRY--AUTHOR NAME
Personal name Strchey, John .
245 ## - TITLE STATEMENT
Title End of empire /
260 ## - PUBLICATION, DISTRIBUTION, ETC. (IMPRINT)
Place of publication India :
Name of publisher Publication Division, Govt. of India ,
Year of publication 1962.
300 ## - PHYSICAL DESCRIPTION
Number of Pages 420 ; .
942 ## - ADDED ENTRY ELEMENTS (KOHA)
Koha item type Books
Holdings
Withdrawn status Lost status Damaged status Home library Current library Date acquired Full call number Accession Number Koha item type
Withdrawn     KAUAET Sanskrit University 07/04/2012 941 409 Books
free website counter